Classement de l'Eurovision 2022 - Statistiques

Statistiques générales
  • Ce quiz a été pris 368 fois
    339 depuis la dernière actualisation
  • Le résultat moyen est 22 sur 25
Statistiques - réponses
Hint16 Réponse % Correct
1 Ukraine
100%
24 France
99%
3 Espagne
97%
6 Italie
95%
2 Royaume-Uni
95%
4 Suède
94%
25 Allemagne
93%
9 Portugal
93%
10 Norvège
92%
12 Pologne
88%
13 Estonie
87%
21 Finlande
87%
17 Suisse
87%
11 Pays-Bas
86%
19 Belgique
85%
8 Grèce
85%
14 Lituanie
85%
5 Serbie
82%
23 Islande
81%
18 Roumanie
80%
7 moldavie
77%
22 Tchéquie
77%
15 Australie
76%
20 Arménie
74%
16 Azerbaïdjan
74%
Aucun quiz correspondant
Distribution des résultats
% des personnes avec chaque résultat
Percentile par nombre de réponses
Votre historique - résultats
Vous n’avez pas pris ce quiz depuis la dernière actualisation